000
00232nam a22001097a 4500
999
_c
167752
_d
167752
082
_a
_b
100
_a
Kamaleswar
245
_a
Kithane pakisthan/
_c
by Kamaleswar.
260
_a
New Delhi:
_b
Rajpal,
_c
650
_a
942
_c
BK